Softvér na optimalizáciu návrhu verejného osvetlenia

Gespeichert in:
Bibliographische Detailangaben
1. Verfasser: Martinovský, Patrik (Verfasst von)
Weitere Verfasser: Gašparovský, Dionýz, 1971- (Betreuung Doktorarbeit)
Format: Manuskript Buch
Sprache:Slowakisch
Veröffentlicht: Bratislava : STU v Bratislave FEI, 2001
Schlagworte:
Tags: Tag hinzufügen
Keine Tags, Fügen Sie das erste Tag hinzu!

MARC

LEADER 00000ntm a22000003a 4500
001 stu73428
005 20160719164800.1
008 020129s2001------------------------slo-d
040 |a STU  |b slo 
041 0 |a slo 
100 1 |a Martinovský, Patrik  |4 aut 
245 1 |a Softvér na optimalizáciu návrhu verejného osvetlenia 
260 |a Bratislava :  |b STU v Bratislave FEI,  |c 2001 
300 |a 62 s 
650 7 |a Elektroenergetické a silnoprúdové inžinierstvo  |2 stusub 
700 1 |a Gašparovský, Dionýz,  |d 1971-  |4 ths  |u E020  |U FEI Fakulta elektrotechniky a informatiky  |T FEI Ústav elektroenergetiky a aplikovanej elektrotechniky  |X 1935  |U E020  |Y 548  |7 A000001935